Bases curriculares para la Educación Básica 2013

Guardat en:
Dades bibliogràfiques
Autor corporatiu: Ministerio de Educación (Autor)
Format: Llibre
Idioma:espanyol
Publicat: Santiago Ministerio de Educación 2013
Edició:2a. ed
Matèries:
Etiquetes: Afegir etiqueta
Sense etiquetes, Sigues el primer a etiquetar aquest registre!

MARC

LEADER 00000cam a2200000 a 4500
001 UCE1023
003 CL-VaPUC
008 140324e20131200cl |||||||||||||||||spa|d
020 |a 9789562924498 
082 0 4 |a 372.19  |b MIN  |2 21 
110 2 |a Ministerio de Educación  |e author  |9 573408 
245 1 0 |a Bases curriculares para la Educación Básica 2013 
250 |a 2a. ed 
300 |a 190 p 
942 |c BK 
945 |d 20140324 12:18:00  |a dcastane 
260 |a Santiago  |b Ministerio de Educación  |c 2013 
650 0 |a Educación básica   |9 224933 
650 0 |a Curriculos  |9 343652 
650 0 |a Planificación del currículo  |9 269599 
583 |a last modification  |c 20140324 12:18:00  |k Rodrigo Vera 
999 |c 354981  |d 354979 
952 |0 0  |1 0  |3 erb  |4 0  |6 372_190000000000000_MIN_2013  |7 0  |8 R  |9 461234  |a BIBEDU  |b BIBEDU  |i 506175K  |o 372.19 MIN 2013  |p 506175K  |r 2019-11-23  |w 2019-11-23  |y BK_R  |z Catalogado en:20140324  |k EBA